000 00294nam a22001337a 4500
008 181218b xxu||||| |||| 00| 0 eng d
020 _a0898626056
041 _aeng
080 _a159.9
100 _a49
101 _aPSI
245 _aWomen and Psychotherapy
_cBrodsky, A.M
942 _2udc
_cBK
999 _c53427
_d53427